Možnosti financovania bývania vo vybranom regióne diplomová práca

Salvato in:
Dettagli Bibliografici
Autore principale: Petričková, Alexandra
Ente Autore: Podnikovohospodárska fakulta EU so sídlom v Košiciach. Katedra ekonómie
Altri autori: Bačová, Monika
Natura: Libro
Lingua:slovacco
Pubblicazione: Košice 2008
Tags: Aggiungi Tag
Nessun Tag, puoi essere il primo ad aggiungerne!!

MARC

LEADER 00000nam$a2200000$$$4500
001 0077453
005 20240827092548.7
041 0 |a slo 
044 |a SK 
245 1 0 |a Možnosti financovania bývania vo vybranom regióne  |b diplomová práca  |c Alexandra Petričková ; škol. Monika Bačová 
264 1 |a Košice  |c 2008 
300 |a 69 s. 
100 1 |a Petričková, Alexandra 
700 1 |a Bačová, Monika 
710 2 |a Podnikovohospodárska fakulta EU so sídlom v Košiciach. Katedra ekonómie